01186nam a2200289 a 4500999001500000005001700015008004100032040002500073041000800098044000700106082001200113090001400125100002600139111015000165245015800315260004100473300000800514650003700522650003000559650002800589650004100617700002800658700002800686700002800714942001300742952014100755 c2165d216520200519111937.0140304b1997 cl ||||| |||| 00| 0 spa d aCO-BoIAVHcCO-BoIAVH aspa acl a333.717 aLBb01997 aRomero, Claudia98956 aSeminario Internacional de Capacitación en Investigación sobre Aprovechamiento Forestal de Impacto ReducidocSanta Cruz, Boliviad1997914839 aSeminario internacional de capacitación en investigación sobre aprovechamiento forestal de impacto reducido y manejo de bosques naturalesbresultados aSanta CruzbCIFORbBOLFORbFAOc1997 a149 aAprovechamiento forestal9103006 aImpacto ambiental9103007 aManejo forestal9103008 aInvestigación científica9103009 aPutz, Francis E.914842 aHeinrich, Rudolf914843 aMerlo, Froilán914844 cLIBRO2z 00102z40708GENERALaVillabVillad2001-03-12eSamper, Cristiánl0oLB-01997p002739r2012-12-04 00:00:00tEj. 1w2012-12-04yLIBRO